000 nam a22 7a 4500
999 _c66217
_d66217
005 20260324100043.0
008 260324b xxu||||| |||| 00| 0 eng d
040 _aANE
041 _aEs
082 _a986.6 W111 T1
100 _awaters, William E
245 _aEstudios Ecuatorianos:un aporte a la discisión
250 _a1 ra ed
260 _aQuito
_c2007
300 _a184 p.
650 _aPintura Quiteña Colonial
650 _aRelaciones Diplomaticas Ecuador-Francia
650 _aFolklore
650 _aYumbada Cotocollao
650 _aIdentidad Indígena Lumbisí-Ecuador
650 _aGénero EDucación Intercultural Bilingue Shuar
650 _aSalud Cultura Kichwa
942 _2ddc
_cBK
_zNr.